| 000 | 00383nam a2200133Ia 4500 | ||
|---|---|---|---|
| 005 | 20260328104309.0 | ||
| 008 | 260328s9999||||xx |||||||||||||| ||und|| | ||
| 100 | _aVentocilla, Jorge | ||
| 245 | 0 |
_a¡Cébaco! La Historia de Isla Cébaco, Panamá, contado por sus pobladores. / _cJorge Ventocilla |
|
| 260 | _bFuturo Forestal | ||
| 300 | _a111 p. | ||
| 650 | _aPANAMÁ | ||
| 942 | _cBK | ||
| 999 |
_c10869 _d10869 |
||